| 000 | 00626nam a2200241Ia 4500 | ||
|---|---|---|---|
| 003 | OSt | ||
| 005 | 20220924132517.0 | ||
| 006 | a|||||r|||| 00| 0 | ||
| 007 | ta | ||
| 008 | 220923b |||||||| |||| 00| 0 san d | ||
| 024 | _a59034 | ||
| 037 | _cTextual | ||
| 040 |
_aARTS _cARTS _bsan |
||
| 041 |
_2san _asan |
||
| 082 | _aQ133:4x2:1, 15E4 | ||
| 100 |
_aSakand Rudra _9204397 |
||
| 245 | 0 | _aDrahyan grhy sutria vritti | |
| 260 | _c1914 | ||
| 490 | _aAnand Ashran sanskrit granthavali; 74 | ||
| 650 | _aRELIGION | ||
| 942 |
_hQ133:4x2:1, 15E4 _cTEXL _2CC |
||
| 999 |
_c430487 _d430487 |
||